000 01959nam a2200241Ia 4500
008 220216s9999 xx 000 0 und d
100 _aVeeraputhran S
245 0 _aAdoption of RRII 400 series rubber clones by rubber small growers
260 _bJournal of Plantation Crops
_c2013
300 _a209-213
500 _aSource Year: 2013
520 _aThe paper examines the response of small growers to the recommendation of multi-clonal planting in the context of release of RRII 400 series clones for commercial cultivation, since 2005. The data pertaining to 56080.6 ha under 130658 RPD permits, which availed subsidy from the Rubber Board during the seven year period from 2004 to 2010, were gathered from 26 Regional Offices of the Rubber Board located in the traditional rubber growing regions. The study reveled that the adoption had been characterised by th emono-clonal status (95.1;) of RRII 105 till the year 2004. However, the share of RRII 105 declined to 55.7 per cent in 2010. Conversely, share of RRII 400 series clones increased from 1.0 per cent in 2004 to 28 per cent in 2010 in the total planted area. But trends in adoption of a new clones did not exhibit a consistent pattern across size-classes and regions during the post-releae phase. It is in sharp contrast to the experience of RRII 105 since its release in 1980. Adoption of multi-clonal planting was only 2.6 per cent in 2004 hildings during ythe period under review. But the strength of this relationship has been dependent on region-specific factors. Therefore, the study brings out the need for evolving a long term policy of region-specific clone recommendations based on life-cycle commercial yield performance.
650 _aClone-adoption
650 _aMono-clonal
650 _aMulti-clonal
650 _aNatural rubber
650 _aNew planting
650 _aReplanting
700 _aGeorge K T
700 _aJoseph J
700 _aSiju T
942 _cJS
999 _c53839
_d53839